书目信息 |
| 题名: |
山地生态农业工程技术
|
|
| 作者: | 张放 主编 | |
| 分册: | ||
| 出版信息: | 北京 北京大学出版社 2006 |
|
| 页数: | 134 | |
| 开本: | 18cm | |
| 丛书名: | 生态工程技术丛书 | |
| 单 册: | ||
| 中图分类: | S284 | |
| 科图分类: | ||
| 主题词: | 农田基本建设 , 农垦 | |
| 电子资源: | ||
| ISBN: | 7-5025-9116-8 | |
| 000 | 00629nam0 2200217 450 | |
| 001 | 0760515518 | |
| 005 | 20070817164835.51 | |
| 010 | @a7-5025-9116-8@d¥15.00 | |
| 100 | @a20070817d km y0chiy0120 ea | |
| 101 | 0 | @achi |
| 200 | 1 | @a山地生态农业工程技术@Ashan di sheng tai nong ye gong cheng ji shu@f张放主编@Fzhang fang zhu bian |
| 210 | @a北京@c北京大学出版社@d2006 | |
| 215 | @a134@d18cm | |
| 225 | 2 | @a生态工程技术丛书 |
| 410 | 0 | @12001 @a生态工程技术丛书 |
| 606 | 0 | @a农田基本建设 |
| 606 | 0 | @a农垦 |
| 690 | @aS284@v3 | |
| 701 | 0 | @a张放@Azhang fang@4主编 |
| 801 | 0 | @aCN@bPFT@c20070817 |
| 905 | @a213230@dS284@eg1@f1 | |
| 山地生态农业工程技术/张放主编.-北京:北京大学出版社,2006 |
| 134;18cm.-(生态工程技术丛书) |
| ISBN 7-5025-9116-8:¥15.00 |
| ● |
| 相关链接 |
|
|
|
|
正题名:山地生态农业工程技术
索取号:S284/g1
 
预约/预借
| 序号 | 登录号 | 条形码 | 馆藏地/架位号 | 状态 | 备注 |
| 1 | 6502868 | 265028686 | 密集书库-海洋学院/ [索取号:S284/g1] | 在馆 |